[Event "CUB-ch 60th"]
[Site "Holguin"]
[Date "2024.02.13"]
[Round "9"]
[White "Perez Rodriguez, Cesar Alejandro"]
[Black "Chavez Suarez, Carlos Alberto"]
[Result "1-0"]
[WhiteElo "2331"]
[BlackElo "2300"]
[PlyCount "55"]
[EventDate "2024.02.05"]
[EventType "swiss"]
[EventRounds "10"]
[EventCountry "CUB"]
[SourceTitle "CB10_2024"]
[SourceDate "2024.03.06"]
[SourceVersion "1"]
[SourceVersionDate "2024.03.06"]
[SourceQuality "1"]

1. e4 g6 2. d4 Bg7 3. Nf3 d6 4. Nc3 Nf6 5. Be2 0-0 6. 0-0 c6 7. a4 e5 8. Re1 exd4 9. Nxd4 d5 10. exd5 Nxd5 11. Nxd5 Qxd5 12. Be3 Nd7 13. Bf3 Qa5 14. Nxc6 bxc6 15. Bxc6 Rb8 16. Bxd7 Rd8 17. Bd2 Qc7 18. Bxc8 Qxc8 19. Ra3 Rxb2 20. Rd3 Ra2 21. a5 h5 22. Rxd8+ Qxd8 23. Bb4 Qh4 24. Qd5 Rxc2 25. Bc5 a6 26. h3 Qf4 27. g3 Qc7 28. Re7 1-0

[Event "CUB-ch 60th"]
[Site "Holguin"]
[Date "2024.02.06"]
[Round "2"]
[White "Chavez Suarez, Carlos Alberto"]
[Black "Diaz Perez, Michel Alejandro"]
[Result "0-1"]
[WhiteElo "2300"]
[BlackElo "2461"]
[PlyCount "70"]
[EventDate "2024.02.05"]
[EventType "swiss"]
[EventRounds "10"]
[EventCountry "CUB"]
[SourceTitle "CB10_2024"]
[SourceDate "2024.03.06"]
[SourceVersion "1"]
[SourceVersionDate "2024.03.06"]
[SourceQuality "1"]

1. d4 Nf6 2. Nf3 e6 3. g3 d5 4. Bg2 b5 5. 0-0 Be7 6. b3 0-0 7. c4 bxc4 8. bxc4 Nbd7 9. cxd5 Nxd5 10. Bd2 c5 11. Nc3 Bb7 12. Rb1 N7b6 13. dxc5 Bxc5 14. Na4 Be7 15. Qb3 Bc6 16. Nxb6 Nxb6 17. Ba5 Bd5 18. Qc2 Rc8 19. Qd2 Qc7 20. Rfc1 Qb7 21. Ne1 Bxg2 22. Nxg2 Qa6 23. Rxc8 Rxc8 24. Bxb6 axb6 25. Nf4 Bg5 26. Qb2 Bxf4 27. gxf4 h5 28. e3 h4 29. Qb5 Rc1+ 30. Kg2 Qa8+ 31. Kh3 Qf3+ 32. Kxh4 Qxf2+ 33. Kh3 Qxe3+ 34. Kg4 Qg1+ 35. Kh3 Rc3+ 0-1

[Event "Guillermo Garcia Memorial op 28th"]
[Site "Santa Clara"]
[Date "2019.04.27"]
[Round "5"]
[White "Chavez Suarez, Carlos Alberto"]
[Black "Rodriguez Naranjo, Diosbel Manue"]
[Result "1-0"]
[WhiteElo "2264"]
[BlackElo "1868"]
[PlyCount "59"]
[EventDate "2019.04.23"]
[EventType "swiss"]
[EventRounds "9"]
[EventCountry "CUB"]
[SourceTitle "EXT 2020"]
[Source "ChessBase"]
[SourceDate "2019.10.17"]
[SourceVersion "1"]
[SourceVersionDate "2019.10.17"]
[SourceQuality "1"]

1. e4 d5 2. exd5 Qxd5 3. Nc3 Qa5 4. d4 Nf6 5. Nf3 c6 6. Bc4 Bf5 7. Bd2 Qc7 8. Qe2 e6 9. Ne5 Nbd7 10. 0-0-0 Nxe5 11. dxe5 Nd5 12. g4 Bg6 13. f4 Nb6 14. f5 exf5 15. Nb5 Qb8 16. Nd6+ Bxd6 17. exd6+ Kf8 18. d7 Nxd7 19. Bb4+ Kg8 20. Rxd7 h6 21. Bd6 Qe8 22. Re7 Qd8 23. Rd1 Kh7 24. gxf5 Bxf5 25. Bc7 Bg4 26. Qe4+ f5 27. Rxd8 fxe4 28. Be5 Rhxd8 29. Rxg7+ Kh8 30. Re7# 1-0

[Event "Francisco Martinez 8th tt"]
[Site "Santa Clara"]
[Date "2018.08.20"]
[Round "9.1"]
[White "Gil Alba, Hector Luis"]
[Black "Chavez Suarez, Carlos Alberto"]
[Result "1/2-1/2"]
[WhiteElo "2245"]
[BlackElo "2216"]
[PlyCount "65"]
[EventDate "2018.08.16"]
[EventType "team-tourn"]
[EventRounds "10"]
[EventCountry "CUB"]
[EventCategory "8"]
[SourceTitle "EXT 2021"]
[Source "ChessBase"]
[SourceDate "2020.10.23"]
[SourceVersion "1"]
[SourceVersionDate "2020.10.23"]
[SourceQuality "1"]

1. d4 Nf6 2. Nf3 e6 3. c4 b6 4. g3 Ba6 5. Qc2 d5 6. cxd5 exd5 7. Bg2 Bb4+ 8. Nc3 0-0 9. 0-0 Re8 10. Re1 Nbd7 11. Bd2 Bf8 12. Bf4 c5 13. Rad1 Bb7 14. dxc5 bxc5 15. Nh4 Nb6 16. Nf5 Qd7 17. Bg5 Re6 18. e3 h6 19. Bxf6 Rxf6 20. Nh4 Rd8 21. e4 d4 22. e5 Re6 23. b3 Bxg2 24. Nxg2 Qe8 25. Nf4 Rxe5 26. Rxe5 Qxe5 27. Nb5 a6 28. Na3 Re8 29. Nc4 Qc7 30. Nxb6 Qxb6 31. Nd3 a5 32. Re1 Rc8 33. Qc4 1/2-1/2

[Event "Francisco Martinez 8th tt"]
[Site "Santa Clara"]
[Date "2018.08.19"]
[Round "6.1"]
[White "Chavez Suarez, Carlos Alberto"]
[Black "Moreno del Pozo, Orlando"]
[Result "1-0"]
[WhiteElo "2216"]
[BlackElo "2211"]
[PlyCount "81"]
[EventDate "2018.08.16"]
[EventType "team-tourn"]
[EventRounds "10"]
[EventCountry "CUB"]
[EventCategory "8"]
[SourceTitle "EXT 2021"]
[Source "ChessBase"]
[SourceDate "2020.10.23"]
[SourceVersion "1"]
[SourceVersionDate "2020.10.23"]
[SourceQuality "1"]

1. d4 e6 2. Nf3 f5 3. Bf4 Nf6 4. e3 d5 5. Nbd2 Bd6 6. Ne5 0-0 7. Bd3 Qe7 8. 0-0 Bd7 9. c4 c6 10. c5 Bxe5 11. Bxe5 Ng4 12. Bd6 Qd8 13. Bxf8 Kxf8 14. Qe2 Be8 15. f3 Nf6 16. Qf2 Qc7 17. e4 g6 18. Rae1 Bf7 19. exf5 exf5 20. g4 f4 21. Qh4 Nbd7 22. Qh6+ Kg8 23. Re7 Re8 24. Rfe1 Rxe7 25. Rxe7 Qd8 26. Re2 Qc7 27. g5 Nh5 28. Re7 Ng7 29. Qh3 Be8 30. Qg4 Qd8 31. Re2 Qc7 32. b4 Nf8 33. Re5 Qf7 34. Qc8 Nge6 35. Nb3 b5 36. Bf1 Qd7 37. Qb8 Nc7 38. Na5 Nce6 39. Bh3 Bf7 40. Bxe6 Bxe6 41. Qd6 1-0

[Event "Francisco Martinez 8th tt"]
[Site "Santa Clara"]
[Date "2018.08.17"]
[Round "4.1"]
[White "Chavez Suarez, Carlos Alberto"]
[Black "Gil Alba, Hector Luis"]
[Result "1/2-1/2"]
[WhiteElo "2216"]
[BlackElo "2245"]
[PlyCount "24"]
[EventDate "2018.08.16"]
[EventType "team-tourn"]
[EventRounds "10"]
[EventCountry "CUB"]
[EventCategory "8"]
[SourceTitle "EXT 2021"]
[Source "ChessBase"]
[SourceDate "2020.10.23"]
[SourceVersion "1"]
[SourceVersionDate "2020.10.23"]
[SourceQuality "1"]

1. d4 d5 2. Nf3 Nf6 3. c4 c6 4. cxd5 cxd5 5. Nc3 Nc6 6. Bf4 e6 7. e3 Bd6 8. Bxd6 Qxd6 9. Bd3 0-0 10. 0-0 e5 11. dxe5 Nxe5 12. Nxe5 Qxe5 1/2-1/2

[Event "Francisco Martinez 8th tt"]
[Site "Santa Clara"]
[Date "2018.08.16"]
[Round "2.1"]
[White "Chavez Suarez, Carlos Alberto"]
[Black "Morales Marmol, Marcos Antonio"]
[Result "0-1"]
[WhiteElo "2216"]
[BlackElo "2211"]
[PlyCount "56"]
[EventDate "2018.08.16"]
[EventType "team-tourn"]
[EventRounds "10"]
[EventCountry "CUB"]
[EventCategory "8"]
[SourceTitle "EXT 2021"]
[Source "ChessBase"]
[SourceDate "2020.10.23"]
[SourceVersion "1"]
[SourceVersionDate "2020.10.23"]
[SourceQuality "1"]

1. d4 d5 2. Nf3 Nf6 3. c4 e6 4. g3 Be7 5. Bg2 0-0 6. 0-0 dxc4 7. Ne5 Nc6 8. Bxc6 bxc6 9. Nxc6 Qe8 10. Nxe7+ Qxe7 11. Qc2 c5 12. Qxc4 cxd4 13. Qxd4 Rd8 14. Qh4 e5 15. Nc3 Rd4 16. e4 Be6 17. f4 Qb7 18. fxe5 Nxe4 19. Be3 Nf2 20. Bxd4 Nh3+ 21. Qxh3 Bxh3 22. Rf2 Rd8 23. Bc5 Rd3 24. Re1 h6 25. Ne2 g5 26. Nc3 a6 27. Bd6 Rf3 28. Ree2 Rxc3 0-1

[Event "Agosto de Victorias tt"]
[Site "Mayabeque"]
[Date "2018.08.08"]
[Round "9.2"]
[White "Garcia Garcia, Alejandro"]
[Black "Chavez Suarez, Carlos Alberto"]
[Result "1-0"]
[WhiteElo "2213"]
[BlackElo "2216"]
[PlyCount "85"]
[EventDate "2018.08.04"]
[EventType "team-tourn"]
[EventRounds "10"]
[EventCountry "CUB"]
[SourceTitle "EXT 2021"]
[Source "ChessBase"]
[SourceDate "2020.10.23"]
[SourceVersion "1"]
[SourceVersionDate "2020.10.23"]
[SourceQuality "1"]
[WhiteTeam "Matanzas"]
[BlackTeam "Cotorro"]
[WhiteTeamCountry "CUB"]
[BlackTeamCountry "CUB"]

1. Nf3 d5 2. g3 Nf6 3. Bg2 c6 4. 0-0 Bg4 5. h3 Bxf3 6. exf3 e6 7. f4 Bc5 8. d3 0-0 9. Nd2 Nbd7 10. Nf3 Qc7 11. c3 Bd6 12. Re1 Rae8 13. Bd2 e5 14. fxe5 Nxe5 15. Nxe5 Bxe5 16. Qc2 h5 17. Qa4 d4 18. Qxa7 h4 19. g4 Nd5 20. cxd4 Bh2+ 21. Kh1 Bf4 22. Rxe8 Rxe8 23. Re1 Rxe1+ 24. Bxe1 Qe7 25. Be4 g6 26. Bc3 Bc7 27. Bxd5 Qd6 28. Kg2 Qxd5+ 29. Kg1 Qd6 30. Qxb7 Qh2+ 31. Kf1 Bg3 32. Qc8+ Kh7 33. Be1 Qxh3+ 34. Ke2 Qg2 35. Qd7 Kg7 36. d5 Be5 37. dxc6 h3 38. Bc3 Bxc3 39. c7 Bf6 40. c8Q h2 41. Qcb7 h1Q 42. Qxf7+ Kh6 43. Qh7+ 1-0

[Event "Agosto de Victorias tt"]
[Site "Mayabeque"]
[Date "2018.08.06"]
[Round "5.3"]
[White "Borges Barroso, Yohan"]
[Black "Chavez Suarez, Carlos Alberto"]
[Result "0-1"]
[WhiteElo "2209"]
[BlackElo "2216"]
[PlyCount "86"]
[EventDate "2018.08.04"]
[EventType "team-tourn"]
[EventRounds "10"]
[EventCountry "CUB"]
[SourceTitle "EXT 2021"]
[Source "ChessBase"]
[SourceDate "2020.10.23"]
[SourceVersion "1"]
[SourceVersionDate "2020.10.23"]
[SourceQuality "1"]
[WhiteTeam "La Lisa"]
[BlackTeam "Cotorro"]
[WhiteTeamCountry "CUB"]
[BlackTeamCountry "CUB"]

1. d4 d5 2. Nf3 Nf6 3. c4 c6 4. Nc3 e6 5. Bg5 Nbd7 6. e3 Bd6 7. cxd5 exd5 8. Bd3 0-0 9. 0-0 Re8 10. Qc2 Nf8 11. Rab1 Bg4 12. b4 Ng6 13. Nd2 h6 14. Bxh6 gxh6 15. Bxg6 fxg6 16. Qxg6+ Kh8 17. f3 Be6 18. Qxh6+ Nh7 19. e4 Bf8 20. Qe3 dxe4 21. fxe4 Bg7 22. Nf3 Bg4 23. e5 Rf8 24. a3 Bxf3 25. Rxf3 Rxf3 26. gxf3 Qg5+ 27. Kf2 Qh4+ 28. Ke2 Rd8 29. Kd3 Bh6 30. Qe4 Qf2 31. Rd1 Rf8 32. Kc4 Rxf3 33. Kb3 Qg2 34. Rd3 Qg8+ 35. d5 Rf4 36. Qe2 cxd5 37. Nxd5 Qe6 38. Kc2 Rf5 39. Nc3 Rxe5 40. Rd8+ Nf8 41. Qf3 Rf5 42. Qe4 Rf2+ 43. Kd3 Rd2# 0-1

[Event "Agosto de Victorias tt"]
[Site "Mayabeque"]
[Date "2018.08.05"]
[Round "3.2"]
[White "Gonzalez Gomez, Ronier"]
[Black "Chavez Suarez, Carlos Alberto"]
[Result "1/2-1/2"]
[WhiteElo "2206"]
[BlackElo "2216"]
[PlyCount "50"]
[EventDate "2018.08.04"]
[EventType "team-tourn"]
[EventRounds "10"]
[EventCountry "CUB"]
[SourceTitle "EXT 2021"]
[Source "ChessBase"]
[SourceDate "2020.10.23"]
[SourceVersion "1"]
[SourceVersionDate "2020.10.23"]
[SourceQuality "1"]
[WhiteTeam "Las Tunas"]
[BlackTeam "Cotorro"]
[WhiteTeamCountry "CUB"]
[BlackTeamCountry "CUB"]

1. Nf3 d5 2. g3 Nf6 3. Bg2 e6 4. 0-0 Be7 5. d3 b6 6. Nbd2 Bb7 7. e4 0-0 8. e5 Nfd7 9. Re1 c5 10. Nf1 Nc6 11. h4 h6 12. N1h2 Rc8 13. Bf4 f6 14. exf6 Bxf6 15. Rxe6 Bxb2 16. Rb1 Bc3 17. Bh3 Nf6 18. Qe2 Ra8 19. Ng4 Nxg4 20. Bxg4 Nd4 21. Nxd4 Bxd4 22. Re7 Bc8 23. Re1 Bc3 24. Bc7 Bxg4 25. Qxg4 Qc8 1/2-1/2

[Event "Camajuani Guerrilleritos-B"]
[Site "Camajuani"]
[Date "2018.04.20"]
[Round "9"]
[White "Chavez Suarez, Carlos Alberto"]
[Black "Chaviano Espina, Miguel Orlando"]
[Result "0-1"]
[WhiteElo "2200"]
[BlackElo "2179"]
[PlyCount "108"]
[EventDate "2018.04.16"]
[EventType "tourn"]
[EventRounds "10"]
[EventCountry "CUB"]
[SourceTitle "EXT 2021"]
[Source "ChessBase"]
[SourceDate "2020.10.23"]
[SourceVersion "1"]
[SourceVersionDate "2020.10.23"]
[SourceQuality "1"]

1. d4 g6 2. Nf3 Bg7 3. e4 c6 4. Be2 d5 5. exd5 cxd5 6. 0-0 Nf6 7. c4 0-0 8. Nc3 Nc6 9. h3 dxc4 10. Bxc4 Na5 11. Be2 Be6 12. Ng5 Bc4 13. Be3 Rc8 14. Re1 Bxe2 15. Qxe2 Nc4 16. Rad1 e6 17. Nf3 Nd5 18. Nxd5 Qxd5 19. b3 Nd6 20. Rc1 Nf5 21. Rc5 Nxd4 22. Bxd4 Rxc5 23. Bxc5 Qxc5 24. Rd1 Qc6 25. Qe3 a6 26. Rc1 Qd7 27. Qc5 Rd8 28. h4 h5 29. Qb6 Rc8 30. Rxc8+ Qxc8 31. Qd6 Bf6 32. a4 Kg7 33. Qf4 Qc3 34. b4 Qa1+ 35. Kh2 Qxa4 36. Ng5 Qb5 37. g3 Qe5 38. Qf3 Bxg5 39. hxg5 b5 40. Qc6 Qxg5 41. Qxa6 h4 42. Qa1+ Qf6 43. Qe1 hxg3+ 44. Kxg3 Qd4 45. Kf3 Kf6 46. Kg2 Kf5 47. Kf1 Qd3+ 48. Kg1 e5 49. Qc1 Qc4 50. Qb1+ Qe4 51. Qb3 Qg4+ 52. Kh1 Kf6 53. Qc3 Qc4 54. Qd2 Qh4+ 0-1

[Event "Camajuani Guerrilleritos-B"]
[Site "Camajuani"]
[Date "2018.04.17"]
[Round "3"]
[White "Chavez Suarez, Carlos Alberto"]
[Black "Cazulo Ramirez, Jesus David"]
[Result "1/2-1/2"]
[WhiteElo "2200"]
[BlackElo "2222"]
[PlyCount "48"]
[EventDate "2018.04.16"]
[EventType "tourn"]
[EventRounds "10"]
[EventCountry "CUB"]
[SourceTitle "EXT 2021"]
[Source "ChessBase"]
[SourceDate "2020.10.23"]
[SourceVersion "1"]
[SourceVersionDate "2020.10.23"]
[SourceQuality "1"]

1. d4 Nf6 2. Nf3 e6 3. c4 d5 4. g3 Be7 5. Bg2 0-0 6. 0-0 dxc4 7. Ne5 Nc6 8. Bxc6 bxc6 9. Nxc6 Qe8 10. Nxe7+ Qxe7 11. Qc2 c5 12. Rd1 Rd8 13. dxc5 Rxd1+ 14. Qxd1 Qxc5 15. Qd8+ Qf8 16. Qxf8+ Kxf8 17. Bf4 Ba6 18. Nc3 Nd5 19. Bd6+ Ke8 20. e4 Nxc3 21. bxc3 Rd8 22. e5 Rd7 23. f4 Rb7 24. Bb4 Rd7 1/2-1/2

[Event "Universidad de Cienfuegos-A 10th"]
[Site "Cienfuegos"]
[Date "2018.02.24"]
[Round "8"]
[White "Chavez Suarez, Carlos Alberto"]
[Black "Subit Alfonso, Jose Luis"]
[Result "1/2-1/2"]
[WhiteElo "2202"]
[BlackElo "2201"]
[PlyCount "27"]
[EventDate "2018.02.20"]
[EventType "tourn"]
[EventRounds "10"]
[EventCountry "CUB"]
[SourceTitle "EXT 2021"]
[Source "ChessBase"]
[SourceDate "2020.10.23"]
[SourceVersion "1"]
[SourceVersionDate "2020.10.23"]
[SourceQuality "1"]

1. d4 Nf6 2. c4 e6 3. Nf3 b6 4. g3 Bb7 5. Bg2 Be7 6. 0-0 0-0 7. Nc3 Ne4 8. Nxe4 Bxe4 9. Ne1 Bxg2 10. Nxg2 d5 11. cxd5 Qxd5 12. Bf4 Na6 13. Qa4 Qb7 14. Rac1 1/2-1/2

[Event "Universidad de Cienfuegos-A 10th"]
[Site "Cienfuegos"]
[Date "2018.02.22"]
[Round "4"]
[White "La Villa Rivas, Marlon Javier"]
[Black "Chavez Suarez, Carlos Alberto"]
[Result "1-0"]
[WhiteElo "2220"]
[BlackElo "2202"]
[PlyCount "107"]
[EventDate "2018.02.20"]
[EventType "tourn"]
[EventRounds "10"]
[EventCountry "CUB"]
[SourceTitle "EXT 2021"]
[Source "ChessBase"]
[SourceDate "2020.10.23"]
[SourceVersion "1"]
[SourceVersionDate "2020.10.23"]
[SourceQuality "1"]

1. e4 d5 2. exd5 Qxd5 3. Nc3 Qa5 4. d4 c6 5. Nf3 Nf6 6. Bc4 Bf5 7. Bd2 Qc7 8. 0-0 e6 9. Re1 Nbd7 10. a4 Bd6 11. h3 h6 12. Qe2 0-0 13. Ne5 Bxe5 14. dxe5 Nd5 15. Bd3 Bxd3 16. cxd3 Ne7 17. f4 Nf5 18. Rab1 Rfd8 19. b4 Nf8 20. Ne4 Qb6+ 21. Kh2 Qd4 22. g4 Qxd3 23. gxf5 exf5 24. Nd6 Qd5 25. Rbd1 Ng6 26. Be3 Qe6 27. Nxb7 Rxd1 28. Rxd1 Qb3 29. Nd6 Qxb4 30. Qa2 Rf8 31. Rb1 Qc3 32. Qb3 Qa5 33. Nxf5 Nxe5 34. fxe5 Qxe5+ 35. Ng3 Kh8 36. Qb4 Re8 37. Bd4 Qd5 38. Qc3 Qg5 39. Rg1 f6 40. Rf1 Re6 41. Bxa7 Qd5 42. Qc5 Qa2+ 43. Rf2 Qxa4 44. Qf8+ Kh7 45. Nf5 Qxa7 46. Rg2 Qc7+ 47. Rg3 Re2+ 48. Kh1 Re1+ 49. Kg2 Re2+ 50. Kf3 Rf2+ 51. Kxf2 Qf4+ 52. Kg1 Qc1+ 53. Kh2 Qd2+ 54. Rg2 1-0

[Event "Universidad de Cienfuegos-A 10th"]
[Site "Cienfuegos"]
[Date "2018.02.21"]
[Round "2"]
[White "Chavez Suarez, Carlos Alberto"]
[Black "Ruiz Ponce, Fabio Luis"]
[Result "0-1"]
[WhiteElo "2202"]
[BlackElo "2216"]
[PlyCount "92"]
[EventDate "2018.02.20"]
[EventType "tourn"]
[EventRounds "10"]
[EventCountry "CUB"]
[SourceTitle "EXT 2021"]
[Source "ChessBase"]
[SourceDate "2020.10.23"]
[SourceVersion "1"]
[SourceVersionDate "2020.10.23"]
[SourceQuality "1"]

1. d4 Nf6 2. Nf3 g6 3. Bg5 Bg7 4. Nbd2 d5 5. e3 0-0 6. Be2 c5 7. c3 Nbd7 8. 0-0 b6 9. c4 Bb7 10. cxd5 Bxd5 11. Bc4 cxd4 12. Nxd4 Nc5 13. Qe2 Bxc4 14. Nxc4 Qd5 15. Bh4 Rac8 16. Rfd1 Qb7 17. a4 Qa6 18. b4 Nb3 19. b5 Nxd4 20. exd4 Qb7 21. Ne5 Nd5 22. Nc6 Rxc6 23. bxc6 Qxc6 24. Qf3 Rc8 25. h3 e6 26. Kh2 Qd7 27. Bg3 Rc4 28. Be5 Rxa4 29. Rac1 h5 30. Rc2 Bxe5+ 31. dxe5 Qd8 32. g3 h4 33. Rdc1 Qg5 34. Qb3 Rb4 35. Qa3 Qxe5 36. Qxa7 hxg3+ 37. fxg3 Rb3 38. Rg2 Ne3 39. Rc8+ Kg7 40. Rc7 Nf1+ 41. Kg1 Qe3+ 42. Kh1 Nxg3+ 43. Rxg3 Rb1+ 44. Kh2 Qf2+ 45. Rg2 Qf4+ 46. Rg3 Rb2+ 0-1

[Event "Universidad de Cienfuegos-A 10th"]
[Site "Cienfuegos"]
[Date "2018.02.20"]
[Round "1"]
[White "Perez Leiva, Jerzy Jesus"]
[Black "Chavez Suarez, Carlos Alberto"]
[Result "1-0"]
[WhiteElo "2255"]
[BlackElo "2202"]
[PlyCount "85"]
[EventDate "2018.02.20"]
[EventType "tourn"]
[EventRounds "10"]
[EventCountry "CUB"]
[SourceTitle "EXT 2021"]
[Source "ChessBase"]
[SourceDate "2020.10.23"]
[SourceVersion "1"]
[SourceVersionDate "2020.10.23"]
[SourceQuality "1"]

1. e4 c5 2. Nf3 d6 3. d4 cxd4 4. Nxd4 Nf6 5. Nc3 g6 6. Be3 Bg7 7. f3 0-0 8. Qd2 Nc6 9. g4 Bxg4 10. fxg4 Nxg4 11. Nxc6 bxc6 12. Bf4 Rb8 13. Be2 Qb6 14. Bxg4 Qxb2 15. 0-0 Qxc3 16. Qxc3 Bxc3 17. Rab1 Bd4+ 18. Kg2 Rb6 19. Bg5 f6 20. Bh6 Rfb8 21. Be6+ Kh8 22. Rb3 Rxb3 23. cxb3 Bc5 24. Rc1 Rb4 25. Rc4 Rxc4 26. bxc4 Bb6 27. Kf3 Ba5 28. Ke3 Bc7 29. h3 Ba5 30. Kf3 Bb6 31. h4 Bd4 32. Kg4 Bb2 33. Bd7 Kg8 34. Be6+ Kh8 35. h5 Be5 36. Bf8 f5+ 37. exf5 gxh5+ 38. Kxh5 Bf6 39. a4 a5 40. Kh6 d5 41. cxd5 c5 42. Kh5 c4 43. d6 1-0

[Event "Capablanca Memorial op 51st"]
[Site "Varadero"]
[Date "2016.06.09"]
[Round "1"]
[White "Chavez Suarez, Carlos Alberto"]
[Black "Bravo Navarro, Wilson"]
[Result "1-0"]
[WhiteElo "2168"]
[BlackElo "1947"]
[PlyCount "85"]
[EventDate "2016.06.09"]
[EventType "swiss"]
[EventRounds "10"]
[EventCountry "CUB"]
[SourceTitle "EXT 2017"]
[Source "ChessBase"]
[SourceDate "2016.10.25"]
[SourceVersion "1"]
[SourceVersionDate "2016.10.25"]
[SourceQuality "1"]

1. d4 Nf6 2. Nf3 d5 3. Bf4 Bf5 4. e3 e6 5. Nbd2 Be7 6. Ne5 Nbd7 7. g4 Nxe5 8. gxf5 Nc6 9. fxe6 fxe6 10. Nf3 Ne4 11. Bd3 Bf6 12. Ne5 Bxe5 13. dxe5 Qh4 14. Bxe4 dxe4 15. Qe2 0-0-0 16. Rd1 Qe7 17. c3 g5 18. Bg3 h5 19. h4 g4 20. Qc4 Rxd1+ 21. Kxd1 Qd7+ 22. Kc1 Qd5 23. Qa4 Rd8 24. Rd1 Qxd1+ 25. Qxd1 Rxd1+ 26. Kxd1 Ne7 27. Bf4 Ng6 28. Bg3 Kd7 29. c4 a6 30. Kc2 c5 31. a3 Kc6 32. b4 b6 33. Kb3 b5 34. Kc3 Kb6 35. Kb3 a5 36. cxb5 Kxb5 37. bxa5 c4+ 38. Kc3 Ne7 39. a6 Nd5+ 40. Kd4 Kxa6 41. Kxc4 Ka5 42. Kc5 Nc3 43. Kd6 1-0